000 00379nam a2200157Ia 4500
008 230524s9999 xx 000 0 und d
082 _a510.2
_bAKE
100 _aRajendra Akerkar
245 0 _aNonlinear Functional Analysis
250 _a1ST
260 _aNEW DELHI
_bNarosa
_c1999
300 _aX;157
500 _aQuantity Number: 2
650 _aMathematics
942 _cBK
999 _c17855
_d17855